000 00715nam a2200229 4500
003 CO-ViMGA
020 _a9789589076668
040 _aCO-ViMGA
_bspa
_cCO-ViMGA
082 0 4 _a617
_bV25n.
100 1 _aVélez A. Hernán
_94752
245 1 0 _aNefrología /
_cHernán Vélez A.
250 _a5a. ed.
260 _aMedellín, Colombia :
_bCorporación para Investigaciones Biológicas,
_c2012.
300 _a577 p.
_bIl laminas, dibujos. ; 22 cm.
490 _aFundamentos de Médicina
500 _aÍndice Analítica
650 1 4 _aCiencias Médicas
_94574
700 1 _aBorrero R, Jaime
_ecoaut.
_94754
700 1 _aRestrepo M, Jorge
_ecoaut.
_94755
700 1 _aRojas M, William
_ecoaut.
_94753
942 _2ddc
_cBK
999 _c35828
_d35828